000
00302nam a22001217a 4500
082
_a
669.14 MON'S
100
_a
MONYPENNY, J. H. G
_9
58331
245
_a
STAINLES IRON AND STEEL STAINLES STEELS IN INDUSTRY
250
_a
3RD
260
_a
LONDON
_b
CHAPMAN & HALL
_c
1951
300
_a
VOL-1
942
_c
BK
999
_c
568528
_d
568528